Práce třídního učitele ve škole při dětské léčebně

Bibliographic Details
Main Author: Cingrošová, Ludmila (Author)
Format: Article
Language:Slovak
Czech

MARC

LEADER 00000nab a2200000 a 4500
001 vtls010722206
003 SK-MaSNL
005 20260304193522.0
008 250709s xo |||||||||||||||||slo|
035 |a (urnnbn)urn:nbn:sk:snk:ar-a04sry 
035 |a (uuid)bd0a62cc-1df8-4a64-a27b-93d397d9956e 
035 |a urn:nbn:sk:snk-ab3mvg 
040 |a SNKBUCL  |b slo  |c SNKBUCL  |e AACR2 
041 0 |a cze 
044 |a xo  |c SK 
100 1 |a Cingrošová, Ludmila  |4 aut  |9 161982 
245 1 0 |a Práce třídního učitele ve škole při dětské léčebně  |c Ludmila Cingrošová 
773 0 |t Otázky defektológie : časopis pre teóriu a prax na školách a v zariadeniach pre mládež vyžadujúcu osobitnú starostlivosť  |g Roč. 22, č. 10 (1979-1980), s. 462-464 
850 |a Slovenská národná knižnica 
852 |a Slovenská národná knižnica 
958 |a article1 
958 |a OND 
958 |a EUIPO 
999 |c 3067241  |d 3069171